000
00339nam a2200145Ia 4500
100
_a
AICTE
942
_c
BK
654
_a
Industrial
245
_a
Industrial Automation C-NO :635
260
_b
Continuing Education Programmer AICTE
_a
Bangalore
_c
1997
082
_a
658.514
_b
AICTE
300
_a
92
546
_a
ENGLISH
999
_c
29891
_d
29891